Normal view
MARC view
- Express highways
Entry Topical Term
001 - CONTROL NUMBER
- control field: 20813
003 - CONTROL NUMBER IDENTIFIER
- control field: NUST
005 - DATE AND TIME OF LATEST TRANSACTION
- control field: 20190917080236.0
008 - FIXED-LENGTH DATA ELEMENTS
- fixed length control field: 190917|| aca||aabn | a|a d
040 ## - CATALOGING SOURCE
- Original cataloging agency: NUST
- Transcribing agency: NUST
150 ## - HEADING--TOPICAL TERM
- Topical term or geographic name entry element: Express highways
- General subdivision: Economic aspects
- Geographic subdivision: United States.
670 ## - SOURCE DATA FOUND
- Source citation: Work cat.: (NUST)0: Gamble, Hays Bentley. 20812, Beneficial effects associated with freeway construction--environmental, social, and economic /, 1978.
